000 00666nam a2200253Ia 4500
003 OSt
005 20221005073011.0
006 a|||||r|||| 00| 0
007 ta
008 221004b |||||||| |||| 00| 0 eng d
024 _a17096
037 _cTextual
040 _aCRL
_cCRL
_beng
041 _2eng
_aeng
082 _azG, M5
100 _aNageshwar Prasad Ed.
_9102384
245 0 _aHindi swaraj
_b A fresh look
260 _aNew Delhi
_bGandhi Peace Foundation
_c1985
300 _a854p
_ccm.
650 _a GENERALIA
650 _aGANDHI, MAHATAMA
_94156
942 _hzG, M5
_cTEXL
_2cc
999 _c980387
_d980387